India Legal and Constitutional History (Record no. 6388)

MARC details
000 -LEADER
fixed length control field 00422nam a22001697a 4500
005 - DATE AND TIME OF LATEST TRANSACTION
control field 20210904101516.0
008 - FIXED-LENGTH DATA ELEMENTS--GENERAL INFORMATION
fixed length control field 200521b xxu||||| |||| 00| 0 eng d
020 ## - INTERNATIONAL STANDARD BOOK NUMBER
ISBN 9789394852887
041 ## - LANGUAGE CODE
Language code of text/sound track or separate title eng
082 ## - DEWEY DECIMAL CLASSIFICATION NUMBER
Classification number 340.0954 PAR
100 ## - MAIN ENTRY--AUTHOR NAME
Personal name Paranjape ,Dr N V
245 ## - TITLE STATEMENT
Title India Legal and Constitutional History
260 ## - PUBLICATION, DISTRIBUTION, ETC. (IMPRINT)
Place of publication Allahabad
Name of publisher Cenral Lae Agence
300 ## - PHYSICAL DESCRIPTION
Number of Pages 979p.
650 ## - SUBJECT ADDED ENTRY--TOPICAL TERM
Topical Term LAW
942 ## - ADDED ENTRY ELEMENTS (KOHA)
Koha item type Books
Holdings
Lost status Damaged status Collection code Home library Current library Shelving location Date acquired Source of acquisition Cost, normal purchase price Full call number Accession Number Koha item type
    Reference JRU Library JRU Library SHELF-1-A 02/06/2020 PURCHASE 520.00 340.0954 PAR 24216 Books
    LAW JRU Library JRU Library SHELF-29-A 02/06/2020 PURCHASE 520.00 340.0954 PAR 24217 Books
    LAW JRU Library JRU Library SHELF-29-A 02/06/2020 PURCHASE 520.00 340.0954 PAR 24218 Books
    LAW JRU Library JRU Library SHELF-29-A 02/06/2020 PURCHASE 520.00 340.0954 PAR 24219 Books
    LAW JRU Library JRU Library SHELF-29-A 02/06/2020 PURCHASE 520.00 340.0954 PAR 24220 Books